000 00910cam a22002771 4500
001 sa 67003987
003 DLC
005 20260227112343.0
008 840618s1967 ii k l f000 0 eng
010 _asa 67003987
025 _aPL480:I-E-8356
035 _a(OCoLC)10855425
040 _aDLC
_cNRU
_dOCoLC
_dDLC
042 _apremarc
050 0 0 _aJQ620.M26
_bA58 1967
082 _a328.547/92/05
110 1 _aMaharashtra (India).
_bLegislature.
245 1 0 _aMaharashtra legislature manual.
250 _a5th ed.
260 _aBombay,
_bDirector, Govt. Print. and Stationery, Maharashtra State,
_c1967.
300 _aiii, 262 p.
_bforms.
_c18 cm.
500 _aAt head of title: Maharashtra Legislature Secretariat.
500 _aIncludes legislation.
610 1 0 _aMaharashtra (India).
_bLegislature
_xRules and practice.
610 1 0 _aMaharashtra (India).
_bLegislature
_xSalaries, pensions, etc.
999 _c74217
_d74217